Statistics for Every ground to have staged an English Premier League game

Click here to take the quiz!

General Stats

  • This quiz has been taken 140 times
  • The average score is 27 of 58

Answer Stats

Answer% Correct
Old Trafford
95%
Anfield
92%
Emirates Stadium
84%
Goodison
82%
Stamford Bridge
81%
White Hart Lane
80%
St James'
74%
Highbury
73%
Villa Park
68%
Boleyn Ground
66%
Stadium of Light
65%
Elland Road
63%
Maine Road
63%
St Mary's
59%
Carrow Road
57%
Craven Cottage
56%
Etihad Stadium
56%
Riverside
54%
Selhurst Park
54%
Wembley
53%
London Stadium
52%
Hillsborough Stadium
51%
Kingpower Stadium
51%
Molineux
51%
Ewood Park
49%
St Andrew's
48%
Filbert Street
46%
Pride Park
46%
The Dell
46%
The Valley
45%
Loftus Road
44%
Bramall Lane
42%
Portman Road
41%
Roker Park
38%
The Hawthorns
38%
Vicarage Road
38%
Fratton Park
37%
Highfield Road
37%
KCOM Stadium
36%
Turf Moor
36%
City Ground
35%
Baseball Ground
32%
DW Stadium
32%
Macron Stadium
31%
Valley Parade
31%
Oakwell
30%
Britannia Stadium
29%
County Ground
29%
Liberty Stadium
29%
Ayresome Park
24%
Bloomfield Road
24%
Cardiff City Stadium
23%
Boundary Park
22%
Dean Court
21%
Madejski Stadium
15%
Burnden Park
13%
Falmer Stadium
4%
Kirklees Stadium
4%

Score Distribution

Percentile by Number Answered

Percent of People with Each Score

Your Score History

You have not taken this quiz